[Event "AUT-ch Open 2020"]
[Site "Graz"]
[Date "2020.02.21"]
[Round "9.5"]
[White "Baum, Jonasz"]
[Black "Palac, Mladen"]
[Result "1/2-1/2"]
[WhiteElo "2536"]
[BlackElo "2536"]
[Annotator "TA"]
[PlyCount "119"]
[EventDate "2020.02.14"]
[EventType "swiss"]
[EventCountry "AUT"]
[SourceTitle "playchess.com"]
[Source "ChessBase"]
[SourceQuality "1"]

1. d4 Nf6 2. c4 e6 3. Nf3 b6 4. Bf4 Bb4+ 5. Nfd2 Bb7 6. a3 Be7 7. Nc3 Nh5 8. Bg3 O-O 9. e3 g6 10. d5 Bf6 11. Nde4 Bg7 12. Be2 Nxg3 13. hxg3 f5 14. Nd2 Bxc3 15. bxc3 Qf6 16. Qc2 d6 17. dxe6 Bxg2 18. Rh2 Bb7 19. Bf3 Bxf3 20. Nxf3 Nc6 21. O-O-O Rae8 22. Rdh1 Re7 23. Rh6 Ne5 24. Nxe5 Qxe5 25. Qd3 Qxe6 26. Qd5 Qxd5 27. cxd5 Rff7 28. R6h4 Re4 29. Kc2 Rxh4 30. Rxh4 Kg7 31. Kd3 g5 32. Rh1 Kg6 33. f4 h5 34. c4 Rh7 35. fxg5 Kxg5 36. Rh4 Re7 37. Rh2 Re5 38. a4 a6 39. Kd4 Re4+ 40. Kd3 Rg4 41. Rh3 b5 42. axb5 axb5 43. cxb5 Rb4 44. Rh1 Rxb5 45. Kd4 Rb2 46. Kd3 Rg2 47. Rh3 Rf2 48. e4 Rf3+ 49. Kd4 Kg4 50. Rh4+ Kxg3 51. Rxh5 f4 52. Rg5+ Kf2 53. e5 dxe5+ 54. Kxe5 Rg3 55. Kxf4 Rxg5 56. Kxg5 Ke3 57. Kf5 Kd4 58. Ke6 Kc5 59. Kd7 Kxd5 60. Kxc7 1/2-1/2

[Event "AUT-ch Open 2020"]
[Site "Graz"]
[Date "2020.02.21"]
[Round "9.5"]
[White "Secheres, Adrian-Simion"]
[Black "Cosman, Andreea-Marioara"]
[Result "1-0"]
[WhiteElo "2387"]
[BlackElo "2165"]
[Annotator "ChessBase"]
[PlyCount "91"]
[EventDate "2020.02.14"]
[EventType "swiss"]
[EventCountry "AUT"]
[SourceTitle "playchess.com"]
[Source "ChessBase"]
[SourceQuality "1"]

1. e4 c5 2. Nf3 d6 3. d4 cxd4 4. Qxd4 Nc6 5. Qe3 Nf6 6. Be2 g6 7. O-O Bg7 8. h3 O-O 9. Rd1 Nd7 10. Nc3 a6 11. a3 b5 12. Qf4 Nde5 13. Be3 Nxf3+ 14. Qxf3 Bb7 15. Qg3 b4 16. Na4 Rb8 17. Bd3 bxa3 18. Rxa3 Nb4 19. Nc3 Bc6 20. Rd2 Qd7 21. Be2 Qb7 22. f3 Rfc8 23. Qf2 Bd7 24. Qf1 Be6 25. Qa1 Ra8 26. Qd1 Rab8 27. Na4 Rc7 28. c3 Nc6 29. Nb6 a5 30. Nd5 Rd7 31. Qf1 Be5 32. f4 Bg7 33. Ba6 Qa8 34. Bb5 Qb7 35. Bxc6 Qxc6 36. Rxa5 Rdb7 37. Qf2 f5 38. exf5 Bxf5 39. Bd4 Bf8 40. Ne3 Be4 41. Kh2 Rb5 42. Rxb5 Rxb5 43. Nf1 Qb7 44. Ng3 Bb1 45. c4 Rb3 46. Qe1 1-0

[Event "AUT-ch Open 2020"]
[Site "Graz"]
[Date "2020.02.21"]
[Round "9.6"]
[White "Vorobiov, Evgeny E."]
[Black "Schoppen, Casper"]
[Result "1-0"]
[WhiteElo "2520"]
[BlackElo "2489"]
[Annotator "TA"]
[PlyCount "129"]
[EventDate "2020.02.14"]
[EventType "swiss"]
[EventCountry "AUT"]
[SourceTitle "playchess.com"]
[Source "ChessBase"]
[SourceQuality "1"]

1. d4 Nf6 2. c4 e6 3. Nf3 d5 4. Nc3 dxc4 5. e3 a6 6. Bxc4 c5 7. O-O b5 8. Be2 Bb7 9. dxc5 Qxd1 10. Rxd1 Bxc5 11. Nd2 O-O 12. Nb3 Bb6 13. a4 b4 14. a5 Ba7 15. Na4 Nbd7 16. Bd2 Rfb8 17. Rdc1 Bd5 18. Nd4 Ne4 19. Be1 Nec5 20. Nxc5 Nxc5 21. Bc4 Be4 22. f3 e5 23. fxe4 exd4 24. exd4 Ne6 25. Bf2 Bxd4 26. Bxd4 Nxd4 27. Kf2 Ra7 28. Ke3 Ne6 29. Bd3 g5 30. Rc6 Rd8 31. Rac1 Kg7 32. Bxa6 Nd4 33. Rb6 Nb3 34. Rc4 h6 35. Rcxb4 Nc5 36. Bc4 Rxa5 37. R6b5 Rxb5 38. Rxb5 Ne6 39. Rd5 Rc8 40. b3 Kf6 41. Rf5+ Ke7 42. Ra5 Rc7 43. g3 Rb7 44. e5 Nf8 45. Ra8 Rc7 46. Ke4 Nd7 47. Kd4 Nf8 48. Ra6 Ne6+ 49. Bxe6 fxe6 50. b4 Rc2 51. Ra7+ Kd8 52. b5 Rxh2 53. Kc5 Rg2 54. b6 Kc8 55. Kc6 Rc2+ 56. Kd6 Rc3 57. g4 Rg3 58. Kxe6 Rxg4 59. Kd5 Rg1 60. e6 Rd1+ 61. Kc4 Rc1+ 62. Kd3 Rd1+ 63. Kc2 Re1 64. e7 g4 65. Kd2 1-0

[Event "AUT-ch Open 2020"]
[Site "Graz"]
[Date "2020.02.21"]
[Round "9.6"]
[White "Dudas, Eszter"]
[Black "Rathnakaran, K.."]
[Result "1/2-1/2"]
[WhiteElo "2164"]
[BlackElo "2334"]
[Annotator "NA"]
[PlyCount "121"]
[EventDate "2020.02.14"]
[EventType "swiss"]
[EventCountry "AUT"]
[SourceTitle "playchess.com"]
[Source "ChessBase"]
[SourceQuality "1"]

1. e4 e6 2. d4 d5 3. Nd2 Nf6 4. e5 Nfd7 5. Bd3 c5 6. c3 b6 7. Ne2 Ba6 8. Bxa6 Nxa6 9. Nf4 Nc7 10. O-O c4 11. a4 a6 12. Ne2 b5 13. axb5 axb5 14. Rxa8 Qxa8 15. f4 g6 16. Ng3 Nb6 17. Qf3 Be7 18. Re1 Qa2 19. Ndf1 b4 20. Ne3 h5 21. h3 bxc3 22. bxc3 Na4 23. Ne2 Kd7 24. f5 gxf5 25. Nxf5 exf5 26. Qxf5+ Ne6 27. Qf3 Nb6 28. Qxf7 Qc2 29. Nf4 Nxf4 30. e6+ Kc6 31. Bxf4 Qh7 32. Be5 Qxf7 33. exf7 Rh7 34. Bg7 Ba3 35. f8=Q Bxf8 36. Bxf8 Rf7 37. Rf1 Rxf1+ 38. Kxf1 Kd7 39. Kf2 Ke6 40. Kf3 Na4 41. Bb4 Kf5 42. g4+ hxg4+ 43. hxg4+ Kf6 44. Kf4 Nb2 45. g5+ Kg6 46. Ke5 Nd3+ 47. Kxd5 Nxb4+ 48. Kxc4 Na6 49. Kb5 Nc7+ 50. Kc6 Ne6 51. Kd7 Nxg5 52. Ke7 Ne4 53. c4 Nd2 54. c5 Nb3 55. Kd6 Nxd4 56. Kd5 Nf5 57. Ke6 Nd4+ 58. Ke5 Nc6+ 59. Kd6 Nb4 60. c6 Nxc6 61. Kxc6 1/2-1/2

[Event "AUT-ch Open 2020"]
[Site "Graz"]
[Date "2020.02.21"]
[Round "9.7"]
[White "Gavrilescu, David"]
[Black "Burmakin, Vladimir"]
[Result "1-0"]
[WhiteElo "2455"]
[BlackElo "2514"]
[Annotator "RC"]
[PlyCount "73"]
[EventDate "2020.02.14"]
[EventType "swiss"]
[EventCountry "AUT"]
[SourceTitle "playchess.com"]
[Source "ChessBase"]
[SourceQuality "1"]

1. e4 c6 2. d4 d5 3. exd5 cxd5 4. Nf3 Nf6 5. Ne5 g6 6. Bb5+ Nbd7 7. O-O Bg7 8. Re1 O-O 9. Nf3 Ne4 10. Bd3 Ndf6 11. c3 Qc7 12. Nbd2 Bf5 13. Ne5 Nd6 14. Nf1 Bxd3 15. Nxd3 Rfe8 16. Bf4 Nh5 17. Be5 Bxe5 18. Rxe5 Nf6 19. Ne3 e6 20. Ng4 Qd8 21. Nxf6+ Qxf6 22. Qg4 Nc4 23. Re2 Qf5 24. Qg3 Red8 25. Rae1 Rac8 26. h4 Kg7 27. Nf4 Kh8 28. Nh3 h6 29. Nf4 Rg8 30. b3 Nb6 31. Re3 Rg7 32. Nd3 Rxc3 33. Rf3 Qh5 34. Qb8+ Rc8 35. Qxa7 Na8 36. Qxb7 Rf8 37. Nf4 1-0

[Event "AUT-ch Open 2020"]
[Site "Graz"]
[Date "2020.02.21"]
[Round "9.7"]
[White "Klings, Peter"]
[Black "Sandhoefner, Florian"]
[Result "1/2-1/2"]
[WhiteElo "2154"]
[BlackElo "2328"]
[Annotator "ChessBase"]
[PlyCount "54"]
[EventDate "2020.02.14"]
[EventType "swiss"]
[EventCountry "AUT"]
[SourceTitle "playchess.com"]
[Source "ChessBase"]
[SourceQuality "1"]

1. Nf3 d5 2. g3 Nf6 3. Bg2 c6 4. O-O Bg4 5. d4 e6 6. Nbd2 Nbd7 7. Re1 Be7 8. e4 dxe4 9. Nxe4 Nxe4 10. Rxe4 Bf5 11. Re1 O-O 12. c3 Qb6 13. Qb3 a5 14. Ne5 Qxb3 15. axb3 Nxe5 16. Rxe5 Bd8 17. Re2 Bb6 18. Be3 Rad8 19. h3 Rd7 20. h4 Rfd8 21. Bf3 h6 22. Kg2 Kf8 23. Ra3 Bd3 24. Re1 Bh7 25. Re2 Bd3 26. Re1 Bh7 27. Re2 Bd3 1/2-1/2

[Event "AUT-ch Open 2020"]
[Site "Graz"]
[Date "2020.02.21"]
[Round "9.8"]
[White "Lodici, Lorenzo"]
[Black "Froewis, Georg"]
[Result "1-0"]
[WhiteElo "2492"]
[BlackElo "2461"]
[Annotator "TA"]
[PlyCount "79"]
[EventDate "2020.02.14"]
[EventType "swiss"]
[EventCountry "AUT"]
[SourceTitle "playchess.com"]
[Source "ChessBase"]
[SourceQuality "1"]

1. d4 d5 2. c4 e6 3. Nf3 Nf6 4. g3 Bb4+ 5. Bd2 Be7 6. Bg2 c6 7. Qc2 Nbd7 8. O-O O-O 9. Rd1 a5 10. Na3 b6 11. cxd5 cxd5 12. Nb5 Ba6 13. Qb3 Ne4 14. Be3 Bb4 15. a4 Nd6 16. Qd3 Qe8 17. Bf4 Qe7 18. Ng5 g6 19. e4 dxe4 20. Nxe4 Nxe4 21. Bxe4 Rac8 22. Qf3 f5 23. Bc6 g5 24. Bxg5 Qxg5 25. Bxd7 Rc2 26. Qb3 Re2 27. Nc7 Qe7 28. Bxe6+ Kh8 29. Nxa6 f4 30. d5 fxg3 31. Nxb4 Qf6 32. Qxg3 axb4 33. Rf1 Rxe6 34. dxe6 Rg8 35. Rfe1 Qe7 36. Rad1 h5 37. Rd5 Rxg3+ 38. hxg3 h4 39. Rd7 Qe8 40. e7 1-0

[Event "AUT-ch Open 2020"]
[Site "Graz"]
[Date "2020.02.21"]
[Round "9.8"]
[White "Rieger, Robert"]
[Black "Hapala, Elisabeth"]
[Result "0-1"]
[WhiteElo "2320"]
[BlackElo "2170"]
[Annotator "NA"]
[PlyCount "62"]
[EventDate "2020.02.14"]
[EventType "swiss"]
[EventCountry "AUT"]
[SourceTitle "playchess.com"]
[Source "ChessBase"]
[SourceQuality "1"]

1. e4 c5 2. Nf3 e6 3. d4 cxd4 4. Nxd4 a6 5. Bd3 Nf6 6. O-O Qc7 7. a4 Bc5 8. Nb3 Ba7 9. Nc3 h5 10. Qf3 Nc6 11. Bf4 Ne5 12. Qg3 Nfg4 13. Be2 f6 14. Bxg4 hxg4 15. Qxg4 g5 16. Bxe5 Qxe5 17. g3 d6 18. Rad1 Bd7 19. Nd2 Qc5 20. e5 dxe5 21. Nde4 Qe7 22. Qf3 f5 23. Nd6+ Kf8 24. Qxb7 Rd8 25. Qxa7 Qh7 26. Rfe1 Qxh2+ 27. Kf1 Be8 28. Nxe8 Qh3+ 29. Ke2 Qg4+ 30. Ke3 f4+ 31. gxf4 Rh3+ 0-1

[Event "AUT-ch Open 2020"]
[Site "Graz"]
[Date "2020.02.21"]
[Round "9.9"]
[White "Kosakowski, Jakub"]
[Black "Istratescu, Andrei"]
[Result "0-1"]
[WhiteElo "2413"]
[BlackElo "2552"]
[Annotator "TA"]
[PlyCount "84"]
[EventDate "2020.02.14"]
[EventType "swiss"]
[EventCountry "AUT"]
[SourceTitle "playchess.com"]
[Source "ChessBase"]
[SourceQuality "1"]

1. e4 c5 2. Nf3 d6 3. d4 cxd4 4. Nxd4 Nf6 5. Nc3 a6 6. Bg5 e6 7. f4 h6 8. Bh4 Qb6 9. a3 Be7 10. Bf2 Qc7 11. g3 b5 12. Bg2 Bb7 13. Qe2 Nbd7 14. O-O-O Rc8 15. Kb1 Nb6 16. Rhe1 Nc4 17. Rd3 O-O 18. g4 e5 19. Nf5 exf4 20. h4 Ne5 21. g5 Nfg4 22. Bh3 h5 23. Bd4 g6 24. Nh6+ Nxh6 25. Bxe5 dxe5 26. Bxc8 Qxc8 27. gxh6 Bxh4 28. Rh1 Bg3 29. Nd5 Bxd5 30. exd5 Qf5 31. d6 e4 32. Rd4 e3 33. d7 Rd8 34. Rhd1 Kh7 35. Qf3 Kxh6 36. a4 Qg4 37. Qxg4 hxg4 38. Re4 Bf2 39. Re8 Rxd7 40. Rxd7 g3 41. Rd1 g2 42. c3 f3 0-1

[Event "AUT-ch Open 2020"]
[Site "Graz"]
[Date "2020.02.21"]
[Round "9.9"]
[White "Pavlov, Mark"]
[Black "Molnar, Bela"]
[Result "1-0"]
[WhiteElo "2152"]
[BlackElo "2312"]
[Annotator "ChessBase"]
[PlyCount "73"]
[EventDate "2020.02.14"]
[EventType "swiss"]
[EventCountry "AUT"]
[SourceTitle "playchess.com"]
[Source "ChessBase"]
[SourceQuality "1"]

1. d4 g6 2. e4 Bg7 3. Nf3 d6 4. Nc3 Nf6 5. Be3 c6 6. Qd2 Nbd7 7. Bd3 e5 8. dxe5 dxe5 9. O-O b5 10. a4 b4 11. Ne2 a5 12. c3 Rb8 13. cxb4 Rxb4 14. Qc2 O-O 15. Bd2 Rb8 16. Ng3 Re8 17. Rfd1 Qb6 18. Bc3 Bf8 19. Bc4 h6 20. Qd2 Kg7 21. Bxa5 Qxb2 22. Qxb2 Rxb2 23. Bc3 Rc2 24. Rac1 Rxc1 25. Rxc1 Bc5 26. a5 Ng4 27. Be1 f5 28. h3 Ngf6 29. exf5 e4 30. Nh4 Ne5 31. Nxg6 e3 32. Nxe5 Rxe5 33. Bc3 exf2+ 34. Kf1 Rxf5 35. Nxf5+ Bxf5 36. Bxf6+ Kxf6 37. Be2 1-0

[Event "AUT-ch Open 2020"]
[Site "Graz"]
[Date "2020.02.21"]
[Round "9.10"]
[White "Novikov, Stanislav"]
[Black "Megalios, Konstantinos"]
[Result "1-0"]
[WhiteElo "2531"]
[BlackElo "2531"]
[Annotator "TA"]
[PlyCount "105"]
[EventDate "2020.02.14"]
[EventType "swiss"]
[EventCountry "AUT"]
[SourceTitle "playchess.com"]
[Source "ChessBase"]
[SourceQuality "1"]

1. e4 e5 2. Nf3 Nc6 3. Bb5 g6 4. c3 a6 5. Ba4 Bg7 6. d4 exd4 7. cxd4 b5 8. Bb3 Nge7 9. O-O O-O 10. d5 Na5 11. Bd2 c5 12. Bc3 Bxc3 13. Nxc3 d6 14. h3 f6 15. Qd2 Ra7 16. h4 Kg7 17. Ne2 h6 18. Nf4 Nxb3 19. axb3 g5 20. Ne6+ Bxe6 21. dxe6 Nc8 22. b4 Qe7 23. bxc5 dxc5 24. hxg5 fxg5 25. Qd5 Rf6 26. b4 Rxe6 27. bxc5 Rd7 28. Qa8 g4 29. Nh4 Qxh4 30. Qxc8 Qd8 31. Qxd8 Rxd8 32. f3 Rd4 33. Kf2 Rd2+ 34. Ke3 Rxg2 35. Rac1 Rc6 36. fxg4 Rxg4 37. Kd4 h5 38. Kd5 Rgg6 39. Rg1 Rc8 40. Rxg6+ Kxg6 41. c6 b4 42. c7 a5 43. Kd6 b3 44. Kd7 Ra8 45. e5 a4 46. e6 b2 47. Rg1+ Kf6 48. e7 a3 49. Rf1+ Kg5 50. c8=Q Rxc8 51. Kxc8 a2 52. e8=Q b1=Q 53. Qe5+ 1-0

[Event "AUT-ch Open 2020"]
[Site "Graz"]
[Date "2020.02.21"]
[Round "9.10"]
[White "Czernek, Tymon"]
[Black "Ongut, Tamas Gunes"]
[Result "0-1"]
[WhiteElo "2089"]
[BlackElo "2302"]
[Annotator "NA"]
[PlyCount "74"]
[EventDate "2020.02.14"]
[EventType "swiss"]
[EventCountry "AUT"]
[SourceTitle "playchess.com"]
[Source "ChessBase"]
[SourceQuality "1"]

1. e4 c5 2. Nf3 d6 3. d4 cxd4 4. Nxd4 Nf6 5. Nc3 a6 6. Bc4 e6 7. a3 b5 8. Ba2 Bb7 9. f3 d5 10. Bg5 dxe4 11. Nxe4 Be7 12. Nxf6+ Bxf6 13. Bxf6 Qxf6 14. O-O O-O 15. c3 e5 16. Nc2 Nc6 17. Ne3 Ne7 18. Ng4 Qb6+ 19. Kh1 Ng6 20. Re1 Rae8 21. Qd3 h5 22. Ne3 Nf4 23. Qf5 h4 24. h3 g6 25. Qg5 Qd8 26. Qh6 Qd2 27. Qxh4 Kg7 28. Qg3 Bc8 29. Ng4 Bxg4 30. fxg4 Qxb2 31. Reb1 Qe2 32. a4 bxa4 33. Rb4 Rc8 34. c4 Rcd8 35. c5 Rd3 36. Qh2 Ra3 37. g3 Qf3+ 0-1

[Event "AUT-ch Open 2020"]
[Site "Graz"]
[Date "2020.02.21"]
[Round "9.11"]
[White "Janzelj, Tim"]
[Black "Nitin, S.."]
[Result "0-1"]
[WhiteElo "2451"]
[BlackElo "2353"]
[Annotator "TA"]
[PlyCount "68"]
[EventDate "2020.02.14"]
[EventType "swiss"]
[EventCountry "AUT"]
[SourceTitle "playchess.com"]
[Source "ChessBase"]
[SourceQuality "1"]

1. e4 c5 2. Nf3 e6 3. g3 d6 4. Bg2 Nf6 5. Nc3 e5 6. O-O g6 7. Ne1 Bg7 8. d3 O-O 9. f4 exf4 10. gxf4 Bg4 11. Qd2 Nc6 12. h3 Bd7 13. Nf3 Nh5 14. Nd5 f5 15. c3 Ne7 16. Nxe7+ Qxe7 17. e5 dxe5 18. fxe5 Bc6 19. Qf2 f4 20. b3 Bxf3 21. Qxf3 Qxe5 22. Bb2 Rae8 23. d4 cxd4 24. cxd4 Qd6 25. Rad1 Kh8 26. Rd3 Ng3 27. Rfd1 Nf5 28. Qxb7 Ne3 29. Re1 Re7 30. Qc6 f3 31. Qxd6 f2+ 32. Kh2 fxe1=Q 33. Bc3 Qe2 34. Rd2 Nf1+ 0-1

[Event "AUT-ch Open 2020"]
[Site "Graz"]
[Date "2020.02.21"]
[Round "9.12"]
[White "Menezes, Christoph"]
[Black "Kilgus, Georg"]
[Result "0-1"]
[WhiteElo "2450"]
[BlackElo "2450"]
[Annotator "ChessBase"]
[PlyCount "110"]
[EventDate "2020.02.14"]
[EventType "swiss"]
[EventCountry "AUT"]
[SourceTitle "playchess.com"]
[Source "ChessBase"]
[SourceQuality "1"]

1. d4 Nf6 2. c4 e6 3. Nc3 Bb4 4. f3 c5 5. d5 d6 6. e4 O-O 7. Nge2 Nh5 8. g4 Qh4+ 9. Kd2 Nf6 10. Kc2 Qf2 11. Qd3 Nbd7 12. Bf4 Ne5 13. Bxe5 dxe5 14. Nd1 Qh4 15. Ne3 h5 16. Ng2 Qf2 17. g5 Nh7 18. a3 Ba5 19. h4 f5 20. Qe3 Qxe3 21. Nxe3 fxe4 22. fxe4 Rf3 23. Rh3 Rf2 24. Rg3 Nf8 25. Rg2 Rf3 26. Rg3 Rf4 27. Bh3 Rxh4 28. Rf1 Bd8 29. Ng2 Rxe4 30. Kd3 exd5 31. cxd5 Ra4 32. Bxc8 Rxc8 33. Ne3 Ng6 34. Kc2 Rh4 35. Nc3 Nf4 36. g6 Rh2+ 37. Kb1 h4 38. Rg4 h3 39. Nc4 Bf6 40. Nd6 Rd8 41. Nde4 Rg2 42. Rxg2 hxg2 43. Rg1 Kf8 44. d6 b6 45. Nd1 Nxg6 46. Rxg2 Nf4 47. Rh2 Kf7 48. Ndc3 Ke6 49. Kc2 c4 50. Nb5 Kd5 51. Nbc3+ Kc6 52. a4 a6 53. Rh1 Ne6 54. Rd1 Nd4+ 55. Kb1 b5 0-1

[Event "AUT-ch Open 2020"]
[Site "Graz"]
[Date "2020.02.21"]
[Round "9.12"]
[White "Bucur, Denisa-Andreea"]
[Black "Caglar, Sila"]
[Result "0-1"]
[WhiteElo "2007"]
[BlackElo "2268"]
[Annotator "NA"]
[PlyCount "72"]
[EventDate "2020.02.14"]
[EventType "swiss"]
[EventCountry "AUT"]
[SourceTitle "playchess.com"]
[Source "ChessBase"]
[SourceQuality "1"]

1. d4 g6 2. Nf3 Bg7 3. c4 d6 4. g3 c5 5. Bg2 Nc6 6. dxc5 Qa5+ 7. Nfd2 Qxc5 8. O-O Nf6 9. Nc3 O-O 10. Na4 Qh5 11. Nf3 Bh3 12. Nc3 Rac8 13. Bd2 Ng4 14. Nd5 e5 15. Ne3 e4 16. Nh4 Bxg2 17. Kxg2 Bxb2 18. Rb1 Bf6 19. Nxg4 Qxg4 20. f3 Qe6 21. Bh6 Bg7 22. Bxg7 Kxg7 23. Qd5 b6 24. Rbd1 exf3+ 25. exf3 Qxd5 26. Rxd5 Ne5 27. Re1 Nxc4 28. f4 Rfe8 29. Rxe8 Rxe8 30. Rd4 Re2+ 31. Kh3 d5 32. Rxd5 Rxa2 33. Nf3 a5 34. Rd7 h6 35. Rb7 a4 36. Nd4 Rd2 0-1

[Event "AUT-ch Open 2020"]
[Site "Graz"]
[Date "2020.02.21"]
[Round "9.13"]
[White "Socko, Monika"]
[Black "Stoleriu, George"]
[Result "1-0"]
[WhiteElo "2419"]
[BlackElo "2419"]
[Annotator "ChessBase"]
[PlyCount "123"]
[EventDate "2020.02.14"]
[EventType "swiss"]
[EventCountry "AUT"]
[SourceTitle "playchess.com"]
[Source "ChessBase"]
[SourceQuality "1"]

1. d4 Nf6 2. c4 e6 3. g3 Bb4+ 4. Bd2 Qe7 5. Bg2 Nc6 6. e3 e5 7. d5 Bxd2+ 8. Nxd2 Nb8 9. Ne2 O-O 10. Nc3 a5 11. O-O Na6 12. e4 Nc5 13. Qc2 d6 14. Rae1 Nfd7 15. f4 f6 16. f5 Nb6 17. Re3 c6 18. g4 cxd5 19. exd5 Bd7 20. h4 Rac8 21. Rg3 Nba4 22. Nxa4 Nxa4 23. b3 Nc5 24. a4 Rfe8 25. Be4 Kf7 26. g5 Rh8 27. Qd1 Ke8 28. Rf2 Kd8 29. Rfg2 Kc7 30. Qe1 Rcf8 31. gxf6 gxf6 32. Bc2 Kb8 33. Ne4 Nxe4 34. Bxe4 Qd8 35. Kh2 Rfg8 36. Qg1 Rxg3 37. Rxg3 Qc8 38. Qb6 Qc7 39. Qxc7+ Kxc7 40. Rg7 Kd8 41. Rf7 Rg8 42. Bf3 b6 43. Be2 e4 44. Rxh7 Bxf5 45. Rf7 Rg6 46. h5 Rg5 47. Rb7 e3 48. h6 Rg6 49. h7 Rh6+ 50. Kg3 Rxh7 51. Rxb6 Kc7 52. Rc6+ Kd7 53. c5 dxc5 54. Rxf6 Be4 55. Bb5+ Kc7 56. d6+ Kb6 57. Re6 Bd5 58. d7+ Kc7 59. Rd6 Kxd6 60. d8=Q+ Ke5 61. Qg5+ Kd4 62. Qf6+ 1-0

[Event "AUT-ch Open 2020"]
[Site "Graz"]
[Date "2020.02.21"]
[Round "9.13"]
[White "Ninov, Dayan"]
[Black "Froewis, Annika"]
[Result "1-0"]
[WhiteElo "2242"]
[BlackElo "2121"]
[Annotator "NA"]
[PlyCount "75"]
[EventDate "2020.02.14"]
[EventType "swiss"]
[EventCountry "AUT"]
[SourceTitle "playchess.com"]
[Source "ChessBase"]
[SourceQuality "1"]

1. d4 d5 2. c4 e6 3. Nf3 Nf6 4. Nc3 c6 5. e3 Nbd7 6. Qc2 b6 7. Bd3 Bb7 8. O-O Be7 9. Ne5 Nxe5 10. dxe5 Nd7 11. f4 Nc5 12. Be2 dxc4 13. Bxc4 b5 14. Be2 Qb6 15. b4 Na6 16. a3 Nc7 17. Kh1 a5 18. Rb1 axb4 19. axb4 Nd5 20. Nxd5 cxd5 21. Bb2 Ra4 22. Bd4 Qc6 23. Rfc1 Qd7 24. Qc7 Ba6 25. Qb8+ Bd8 26. Ra1 Bb7 27. Bc5 f6 28. exf6 g6 29. Qe5 Kf7 30. Bd4 Bc6 31. Bd3 h6 32. Bxg6+ Kxg6 33. f7 Qxf7 34. Qxh8 Be8 35. Rxa4 bxa4 36. Rc8 Be7 37. Rxe8 e5 38. Bxe5 1-0

[Event "AUT-ch Open 2020"]
[Site "Graz"]
[Date "2020.02.21"]
[Round "9.14"]
[White "Stanec, Nikolaus"]
[Black "Banzea, Alexandru-Bogdan"]
[Result "0-1"]
[WhiteElo "2520"]
[BlackElo "2368"]
[Annotator "TA"]
[PlyCount "74"]
[EventDate "2020.02.14"]
[EventType "swiss"]
[EventCountry "AUT"]
[SourceTitle "playchess.com"]
[Source "ChessBase"]
[SourceQuality "1"]

1. Nf3 Nf6 2. c4 g6 3. Nc3 Bg7 4. g3 O-O 5. Bg2 d6 6. d4 Nc6 7. O-O e5 8. dxe5 dxe5 9. h3 Be6 10. b3 Qc8 11. Ng5 Rd8 12. Bd2 Bd7 13. Kh2 h6 14. Nge4 Nxe4 15. Nxe4 f5 16. Nc3 Be6 17. Bd5 Ne7 18. Bxe6+ Qxe6 19. Qc1 Kh7 20. Rd1 c6 21. Qc2 e4 22. Rac1 Bd4 23. e3 Be5 24. Ne2 g5 25. Bc3 Bc7 26. Rxd8 Rxd8 27. Rd1 Rxd1 28. Qxd1 c5 29. Kg2 Ng6 30. Ba1 f4 31. Nc3 Be5 32. Nd5 Nh4+ 33. Kh2 Nf3+ 34. Kg2 Nh4+ 35. Kh2 fxg3+ 36. fxg3 Qf5 37. Kg1 Qxh3 0-1

[Event "AUT-ch Open 2020"]
[Site "Graz"]
[Date "2020.02.21"]
[Round "9.14"]
[White "Milikow, Elie"]
[Black "Maxion, Dirk"]
[Result "1/2-1/2"]
[WhiteElo "2208"]
[BlackElo "2098"]
[Annotator "ChessBase"]
[PlyCount "57"]
[EventDate "2020.02.14"]
[EventType "swiss"]
[EventCountry "AUT"]
[SourceTitle "playchess.com"]
[Source "ChessBase"]
[SourceQuality "1"]

1. e4 c5 2. Nf3 d6 3. d4 cxd4 4. Nxd4 Nf6 5. Nc3 Nc6 6. Bg5 e6 7. Qd2 a6 8. O-O-O h6 9. Bf4 Bd7 10. Nxc6 Bxc6 11. f3 d5 12. exd5 Nxd5 13. Nxd5 Qxd5 14. Qxd5 Bxd5 15. Bd3 Be7 16. Rhe1 O-O 17. Be4 Bxe4 18. Rxe4 Rfd8 19. Red4 Rxd4 20. Rxd4 Rd8 21. Rxd8+ Bxd8 22. Bd6 f6 23. Kd2 Kf7 24. Kd3 e5 25. c4 Ke6 26. Bf8 Kf7 27. Bd6 Ke6 28. Bf8 Kf7 29. Bd6 1/2-1/2

[Event "AUT-ch Open 2020"]
[Site "Graz"]
[Date "2020.02.21"]
[Round "9.15"]
[White "Huber, Martin Christian"]
[Black "Diermair, Andreas"]
[Result "1/2-1/2"]
[WhiteElo "2483"]
[BlackElo "2483"]
[Annotator "TA"]
[PlyCount "95"]
[EventDate "2020.02.14"]
[EventType "swiss"]
[EventCountry "AUT"]
[SourceTitle "playchess.com"]
[Source "ChessBase"]
[SourceQuality "1"]

1. Nf3 d5 2. g3 Nf6 3. Bg2 e6 4. O-O Be7 5. c4 d4 6. e3 c5 7. exd4 cxd4 8. d3 Nc6 9. Bg5 O-O 10. Nbd2 h6 11. Bxf6 Bxf6 12. a3 a5 13. c5 Rb8 14. Rc1 b6 15. cxb6 Qxb6 16. Nc4 Qa7 17. Nfd2 Bd7 18. Ne4 Be7 19. f4 f5 20. Ned2 Qa6 21. Re1 Bf6 22. Bxc6 Bxc6 23. Rxe6 Qa8 24. Rxc6 Qxc6 25. Nxa5 Qd5 26. b4 Kh8 27. Qf3 Qe6 28. Ndc4 Rf7 29. Nc6 Re8 30. b5 g5 31. a4 Kh7 32. fxg5 Bxg5 33. Rb1 Be3+ 34. Kh1 Rg7 35. N4e5 f4 36. g4 Qa2 37. Rf1 Qxa4 38. Qe4+ Kg8 39. Qd5+ Kh8 40. Nf7+ Kh7 41. Qf5+ Kg8 42. Nxh6+ Kh8 43. g5 Qa2 44. g6 Qe6 45. Nf7+ Kg8 46. Nh6+ Kh8 47. Nf7+ Kg8 48. Nh6+ 1/2-1/2

[Event "AUT-ch Open 2020"]
[Site "Graz"]
[Date "2020.02.21"]
[Round "9.15"]
[White "Bauer, Thomas"]
[Black "Praczukowski, Stanislaw"]
[Result "0-1"]
[WhiteElo "2201"]
[BlackElo "2088"]
[Annotator "ChessBase"]
[PlyCount "116"]
[EventDate "2020.02.14"]
[EventType "swiss"]
[EventCountry "AUT"]
[SourceTitle "playchess.com"]
[Source "ChessBase"]
[SourceQuality "1"]

1. e4 e5 2. Nf3 Nc6 3. Bc4 Bc5 4. d3 Nf6 5. a4 a5 6. O-O O-O 7. Re1 d6 8. c3 Ba7 9. Na3 Ne7 10. Nh4 h6 11. Qf3 Bg4 12. Qg3 Kh7 13. h3 Be6 14. Bxe6 fxe6 15. Be3 Nh5 16. Qg4 Nf4 17. d4 g5 18. Nf3 Neg6 19. Nb5 exd4 20. cxd4 Bb6 21. Rad1 c6 22. Nc3 d5 23. e5 Rf5 24. Bxf4 gxf4 25. h4 Qe7 26. h5 Nh8 27. Nh4 Rg5 28. Qxf4 Rf8 29. Qe3 Rxh5 30. Qd3+ Kg7 31. g3 Qg5 32. Ng2 Qg4 33. Re3 Ng6 34. Ne2 Rhf5 35. Nef4 Rg5 36. Nxg6 Rxg6 37. Kf1 Qh3 38. Kg1 Rg4 39. Qc3 Rf5 40. f4 Rf7 41. Kf2 Qh5 42. Rf3 Qh2 43. Rd2 Kh8 44. b4 axb4 45. Qxb4 Bd8 46. Qd6 Bh4 47. Qxe6 Rfxf4 48. Qxh6+ Kg8 49. Qe6+ Kh7 50. Qd7+ Rg7 51. Qxg7+ Kxg7 52. gxh4 Rg4 53. Ke3 Rxg2 54. Rxg2+ Qxg2 55. Kf4 Qd2+ 56. Kf5 Qxd4 57. Ke6 Qg4+ 58. Rf5 d4 0-1